| 000 | 00599nam a22001697a 4500 | ||
|---|---|---|---|
| 003 | MACL | ||
| 005 | 20151208171012.0 | ||
| 008 | 151208b xxu||||| |||| 00| 0 eng d | ||
| 040 | _cMACL | ||
| 041 | _aHindi | ||
| 082 | _a741.642 | ||
| 100 |
_aयोगेन्द दत्त शर्मा _919819 |
||
| 245 | _aआये दिन छुटटी के (51 बाल कविताएं) | ||
| 260 | _bएम एन पब्लिशर्स एण्ड डिस्टीब्यूटर्स | ||
| 650 |
_aचिल्डन बुक _9314 |
||
| 942 |
_2ddc _cHIN |
||
| 999 |
_c51462 _d51462 |
||